A süket
| Médium: | Článok |
|---|---|
| Jazyk: | Hungarian |
| Témy: | |
| Zdroj: |
1. Rozsnyói Hiradó 1. Roč. 36, č. 46 (09.11.1913) s. 3 |
| LEADER | 00622nab#a2200277#ar4500 | ||
|---|---|---|---|
| 001 | 000061685 | ||
| 003 | SVKKK | ||
| 005 | 19960311xxxxxxx. | ||
| 008 | 06 c xo huno | ||
| FMT | |||
| 038 | |a SVKKK | ||
| 040 | |a SVKKK |b slo |e AACR2 | ||
| 041 | 0 | |a hun | |
| 044 | |a xo |c SK | ||
| 080 | |a 894.511(437.6)-84 | ||
| 242 | 1 | 0 | |a Hluchý |
| 245 | 0 | 0 | |a A süket |
| 650 | 0 | 4 | |a anekdoty - literatúra maďarská - texty |
| 773 | 0 | |t Rozsnyói Hiradó |g Roč. 36, č. 46 (09.11.1913) s. 3 | |
| 957 | |a Uhorsko | ||
| 958 | |a DG | ||
| 958 | |a SK | ||
| 974 | |a ebl |d 19960311 | ||
| 992 | |a RBX | ||
| BAS | |||
| 998 | |a RETRO | ||